International business. (5th ed.) (Record no. 77516)

MARC details
000 -LEADER
fixed length control field 00972nam a2200229 a 4500
008 - FIXED-LENGTH DATA ELEMENTS--GENERAL INFORMATION
fixed length control field 101117s2009 ||||||||||||||||| || u
020 ## - INTERNATIONAL STANDARD BOOK NUMBER
International Standard Book Number 9780273716549
050 ## - LIBRARY OF CONGRESS CALL NUMBER
Classification number HD 62.4 Rug
100 ## - MAIN ENTRY--PERSONAL NAME
Personal name Collinson, Simon
245 10 - TITLE STATEMENT
Title International business. (5th ed.)
Statement of responsibility, etc. by Alan M. Rugman; Simon Collinson
250 ## - EDITION STATEMENT
Edition statement 5th ed
260 ## - PUBLICATION, DISTRIBUTION, ETC.
Place of publication, distribution, etc. Harlow:
Name of publisher, distributor, etc. Pearson
Date of publication, distribution, etc. 2009
260 ## - PUBLICATION, DISTRIBUTION, ETC.
Place of publication, distribution, etc. Harlow:
Name of publisher, distributor, etc. Prentice Hall
Date of publication, distribution, etc. 2009
300 ## - PHYSICAL DESCRIPTION
Extent xxxii, 716 pages : illustrations
350 ## -
-- 192.80
500 ## - GENERAL NOTE
General note Includes Glossary and Index
650 ## - SUBJECT ADDED ENTRY--TOPICAL TERM
Topical term or geographic name entry element INTERNATIONAL BUSINESS ENTERPRISES--MANAGEMENT
650 #0 - SUBJECT ADDED ENTRY--TOPICAL TERM
Topical term or geographic name entry element BUSINESS
700 ## - ADDED ENTRY--PERSONAL NAME
Personal name Rugman, Alan M
995 ## -
-- MAIN LIBRARY OPEN ACCESS
-- 745505
-- CBU-MAIN LIBRARY (Kitwe)
-- 192.80
-- HD 62.4 Rug
-- 2
-- AVAILABLE
-- May 27, 2015
-- 745505
-- Main Library Open Access Collection
995 ## -
-- MAIN LIBRARY OPEN ACCESS
-- 0.00
-- 742091
-- CBU-MAIN LIBRARY (Kitwe)
-- 1
-- 0.00
-- HD 62.4 Rug
-- 1
-- AVAILABLE
-- Nov 17, 2010
-- 742091
-- Main Library Open Access Collection
999 ## -
-- 77516
-- 77516
Holdings
Withdrawn status Lost status Source of classification or shelving scheme Damaged status Not for loan Permanent Location Current Location Shelving location Date acquired Total Checkouts Full call number Barcode Date last seen Copy number Price effective from Koha item type
          CBU-MAIN LIBRARY, KITWE. CBU-MAIN LIBRARY, KITWE.   04/27/2023   HD 62.4 Rug 745505 04/27/2023 1 04/27/2023 MONOGRAPH
          CBU-MAIN LIBRARY, KITWE. CBU-MAIN LIBRARY, KITWE.   04/27/2023   HD 62.4 Rug 742091 04/27/2023 2 04/27/2023 MONOGRAPH